[Event "Niedersachsen-ch U18 Girls"]
[Site "Rotenburg"]
[Date "2012.04.02"]
[Round "4"]
[White "Boschen, Katharina"]
[Black "User, Yasemin"]
[Result "0-1"]
[WhiteElo "859"]
[BlackElo "1021"]
[PlyCount "102"]
[EventDate "2012.03.31"]
[EventType "swiss"]
[EventRounds "9"]
[EventCountry "GER"]
[SourceTitle "EXT 2015"]
[Source "ChessBase"]
[SourceDate "2014.11.20"]
[SourceVersion "1"]
[SourceVersionDate "2014.11.20"]
[SourceQuality "1"]

1. e4 c5 2. Nf3 Nc6 3. d4 cxd4 4. Nxd4 e5 5. Nxc6 bxc6 6. Nc3 Nf6 7. Bg5 h6 8. Bh4 Be7 9. Bc4 Nxe4 10. Bxe7 Qxe7 11. Nxe4 d5 12. Bxd5 cxd5 13. Qxd5 Bb7 14. Qd3 Bxe4 15. Qxe4 0-0 16. 0-0-0 f5 17. Qd5+ Kh7 18. Rhe1 e4 19. f3 Rad8 20. Qa5 Rxd1+ 21. Rxd1 e3 22. Qe1 f4 23. g3 e2 24. Rd2 Re8 25. gxf4 Qe3 26. c4 Qxf3 27. c5 Qf1 28. Rxe2 Qxe2 29. Qxe2 Rxe2 30. b4 Re4 31. b5 Rc4+ 32. Kb2 Rxc5 33. a4 Kg6 34. Kb3 Kf6 35. Kb4 Rd5 36. a5 Ke6 37. b6 axb6 38. a6 Ra5 39. a7 Rxa7 40. Kb5 Rf7 41. Kxb6 Rxf4 42. Kc7 Rh4 43. Kd8 Rxh2 44. Ke8 g5 45. Kf8 g4 46. Kg7 g3 47. Kg6 g2 48. Kh7 g1Q 49. Kh8 Qa7 50. Kg8 Rg2+ 51. Kf8 Qf7# 0-1

[Event "Niedersachsen-ch U18 Girls"]
[Site "Rotenburg"]
[Date "2012.04.01"]
[Round "2"]
[White "Schlichter, Lisa"]
[Black "User, Yasemin"]
[Result "1-0"]
[WhiteElo "1365"]
[BlackElo "1021"]
[PlyCount "99"]
[EventDate "2012.03.31"]
[EventType "swiss"]
[EventRounds "9"]
[EventCountry "GER"]
[SourceTitle "EXT 2015"]
[Source "ChessBase"]
[SourceDate "2014.11.20"]
[SourceVersion "1"]
[SourceVersionDate "2014.11.20"]
[SourceQuality "1"]

1. e4 e5 2. Nf3 Nc6 3. Nc3 Bc5 4. Nxe5 Nxe5 5. d4 Bd6 6. dxe5 Bxe5 7. Bd2 Nf6 8. Qf3 0-0 9. Bd3 b6 10. 0-0 Bb7 11. Rab1 Re8 12. Nd5 Re6 13. Bg5 h6 14. Bh4 c6 15. Nf4 Bxf4 16. Qxf4 Kh8 17. Qe3 Qg8 18. Rfe1 g5 19. Bg3 Nh5 20. Qd4+ Nf6 21. Bc4 d5 22. exd5 cxd5 23. Rxe6 fxe6 24. Qxf6+ Qg7 25. Be5 Qxf6 26. Bxf6+ Kg8 27. Bb5 Rf8 28. Be5 a6 29. Bd3 b5 30. Bg6 Rd8 31. Re1 Kf8 32. Bd4 Ke7 33. Bf5 Bc8 34. Bg4 Kf7 35. Re3 e5 36. Bh5+ Kf6 37. Bxe5+ Kf5 38. g4+ Ke6 39. Bc7+ Kd7 40. Bxd8 Kxd8 41. Re5 Bb7 42. Re6 Kd7 43. Rxh6 d4 44. Kf1 Be4 45. Bg6 Bf3 46. Bf5+ Ke7 47. h4 gxh4 48. Rxh4 Kd8 49. g5 Bd5 50. Rxd4 1-0